Základy rodinnej a sexuálnej výchovy

Gespeichert in:
Bibliographische Detailangaben
Hauptverfasser: Prevendárová, Jitka (Verfasst von), Kubíčková, Gabriela (Verfasst von)
Format: Buch
Sprache:Slowakisch
Veröffentlicht: Bratislava : Slovenské pedagogické nakladateľstvo, 1996
Ausgabe:2. vyd.
Schlagworte:
Tags: Tag hinzufügen
Keine Tags, Fügen Sie das erste Tag hinzu!

MARC

LEADER 00000nam a22000003a 4500
001 stu79150
005 20150617225639.3
008 030221s1996----xo------------------slo-d
020 |a 80-08-01212-9 
040 |a STU  |b slo 
041 0 |a slo 
044 |a xo 
080 |a 37 
100 1 |a Prevendárová, Jitka  |4 aut 
245 1 |a Základy rodinnej a sexuálnej výchovy 
250 |a 2. vyd. 
260 |a Bratislava :  |b Slovenské pedagogické nakladateľstvo,  |c 1996 
300 |a 83 s 
650 7 |a výchova rodinná  |2 stusub 
650 7 |a výchova sexuálna  |2 stusub 
700 1 |a Kubíčková, Gabriela  |4 aut 
996 |b 284M039104  |c M*11078-1  |l MMKN  |s A  |a 24  |w stu79150_0001